Presidents in Order - Statistics

General Stats
  • This quiz has been taken 54 times
  • The average score is 34 of 46
Answer Stats
# Answer % Correct
1 George Washington
100%
3 Thomas Jefferson
95%
2 John Adams
93%
4 James Madison
88%
5 James Monroe
88%
6 John Quincy Adams
86%
7 Andrew Jackson
83%
16 Abraham Lincoln
79%
44 Barack Obama
76%
45 Donald Trump
76%
41 George H W Bush
76%
43 George W Bush
76%
39 Jimmy Carter
76%
46 Joe Biden
76%
35 John F Kennedy
76%
8 Martin Van Buren
76%
40 Ronald Reagan
76%
42 Bill Clinton
74%
34 Dwight D Eisenhower
74%
32 Franklin D Roosevelt
74%
38 Gerald R Ford
74%
33 Harry Truman
74%
31 Herbert Hoover
74%
11 James K. Polk
74%
36 Lyndon B Johnson
74%
37 Richard Nixon
74%
26 Theodore Roosevelt
74%
17 Andrew Johnson
71%
22 Grover Cleveland
71%
18 Ulysses S Grant
71%
24 Grover Cleveland
69%
28 Woodrow Wilson
69%
30 Calvin Coolidge
67%
21 Chester A Arthur
67%
14 Franklin Pierce
67%
15 James Buchanan
67%
20 James Garfield
67%
10 John Tyler
67%
13 Millard Fillmore
67%
19 Rutherford B Hayes
67%
29 Warren Harding
67%
25 William McKinley
67%
27 William Taft
67%
12 Zachary Taylor
67%
23 Benjamin Harrison
64%
9 William Henry Harrison
64%
No matching quizzes found
Score Distribution
Percent of People with Each Score
Percentile by Number Answered
Your Score History
You have not taken this quiz